Introducción al análisis vectorial

Saved in:
Bibliographic Details
Main Authors: Davis, Harry F (Author), Snider, Arthur David (Author)
Format: Book
Language:Spanish
Published: Cuernavaca McGraw-Hill 1992
Edition:3a. ed
Subjects:
Tags: Add Tag
No Tags, Be the first to tag this record!

MARC

LEADER 00000nam a2200000 a 4500
001 UCG0989
003 CL-VaPUC
008 100415e19920000MX |||||||||||||||||spa|d
020 |a 9701000455 
082 0 4 |a 515.63  |b DAV  |2 21 
100 0 |a Davis, Harry F  |e author  |9 548712 
700 0 |a Snider, Arthur David  |e author  |9 548713 
245 1 0 |a Introducción al análisis vectorial 
250 |a 3a. ed 
300 |a 430 p 
942 |c BK 
945 |d 20100415 00:00:00  |a dcastane 
260 |a Cuernavaca  |b McGraw-Hill  |c 1992 
650 0 |a Análisis vectorial   |9 260451 
650 0 |a Cálculo de vectores  |9 548714 
583 |a last modification  |c 20131230 07:11:12  |k Rodrigo Vera 
999 |c 340470  |d 340468 
952 |0 0  |1 0  |4 0  |6 515_630000000000000_DAV_1992  |7 0  |8 A  |9 435240  |a BIBCUR  |b BIBCUR  |d 2019-11-22  |i 4648668  |l 5  |m 2  |o 515.63 DAV 1992  |p 4648668  |r 2025-04-22  |s 2024-07-02  |w 2019-11-22  |y BK  |k FIS